Spolupráca Slovenska s vybranými rozvojovými krajinami bakalárska práca

Gespeichert in:
Bibliographische Detailangaben
1. Verfasser: Jurkovičová, Monika
Körperschaft: Obchodná fakulta EU. Katedra medzinárodného obchodu
Weitere Verfasser: Lacek, Dušan
Format: Buch
Sprache:Slowakisch
Veröffentlicht: Bratislava 2009
Tags: Tag hinzufügen
Keine Tags, Fügen Sie das erste Tag hinzu!

MARC

LEADER 00000nam$a2200000$$$4500
001 0103445
005 20240318133852.0
041 0 |a slo 
044 |a SK 
245 1 0 |a Spolupráca Slovenska s vybranými rozvojovými krajinami  |b bakalárska práca  |c Monika Jurkovičová ; škol. Dušan Lacek 
264 1 |a Bratislava  |c 2009 
300 |a 57 s. 
100 1 |a Jurkovičová, Monika 
700 1 |a Lacek, Dušan 
710 2 |a Obchodná fakulta EU. Katedra medzinárodného obchodu